Local Governance in India (Record no. 10747)

MARC details
000 -LEADER
fixed length control field 00369nam a2200145Ia 4500
008 - FIXED-LENGTH DATA ELEMENTS--GENERAL INFORMATION
fixed length control field 191201s2011 xx 000 0 und d
082 ## - DEWEY DECIMAL CLASSIFICATION NUMBER
Classification number 320.8
Item number CHL
100 ## - MAIN ENTRY--PERSONAL NAME
Personal name CHAKRABARTY, Bidyut
245 #0 - TITLE STATEMENT
Title Local Governance in India
260 ## - PUBLICATION, DISTRIBUTION, ETC. (IMPRINT)
Place of publication, distribution, etc New Delhi
Name of publisher, distributor, etc SAGE Publication
Date of publication, distribution, etc 2019
300 ## - PHYSICAL DESCRIPTION
Extent 214
650 ## - SUBJECT ADDED ENTRY--TOPICAL TERM
Topical term or geographic name as entry element BA GEN
700 ## - ADDED ENTRY--PERSONAL NAME
Personal name PANDEY, Rajendra Kumar
942 ## - ADDED ENTRY ELEMENTS (KOHA)
Source of classification or shelving scheme Dewey Decimal Classification
Koha item type Text Books
Holdings
Withdrawn status Lost status Source of classification or shelving scheme Damaged status Not for loan Collection code Home library Current library Date acquired Source of acquisition Currency Cost, normal purchase price Bill Number Total Checkouts Full call number Acc. no. / Barcode Date last seen Actual Cost, discounted price Bill Date Koha item type
    Dewey Decimal Classification     BA(GEN) PIET NCR College Library PIET NCR College Library 15/07/2021 Kirti Prakashan IN Rupees 375.00 IN2262   320.8 CHL N1209 03/08/2021 262.50 03/08/2021 Reference Books
    Dewey Decimal Classification     BA(GEN) PIET NCR College Library PIET NCR College Library 15/07/2021 Kirti Prakashan IN Rupees 375.00 IN2262   320.8 CHL N1210 03/08/2021 262.50 03/08/2021 Text Books
    Dewey Decimal Classification     BA(GEN) PIET NCR College Library PIET NCR College Library 15/07/2021 Kirti Prakashan IN Rupees 375.00 IN2262   320.8 CHL N1211 03/08/2021 262.50 03/08/2021 Text Books
    Dewey Decimal Classification     BA(GEN) PIET NCR College Library PIET NCR College Library 15/07/2021 Kirti Prakashan IN Rupees 375.00 IN2262   320.8 CHL N1212 03/08/2021 262.50 03/08/2021 Text Books
    Dewey Decimal Classification     BA(GEN) PIET NCR College Library PIET NCR College Library 15/07/2021 Kirti Prakashan IN Rupees 375.00 IN2262   320.8 CHL N1213 03/08/2021 262.50 03/08/2021 Text Books

Design & Developed by: PIET Central Library
R70 Miles Stone Pattikalyana Samalkha Panipat 132102
mail ID :- [email protected], Phone No:- 0180-2569700 Ex.216